| 000 | 01340nam a2200349 i 4500 | ||
|---|---|---|---|
| 001 | 10807 | ||
| 003 | KOSZ 005 | ||
| 005 | 20190927095327.0 | ||
| 008 | 080326s1965 pl a f f 001 0 pol | ||
| 015 | _aPB 1965/6199 | ||
| 040 |
_aWA N _cKOSZ 005/RW _dKOSZ 005/RW _dKOSZ 005/HR |
||
| 041 | 1 |
_apol _heng |
|
| 046 | _k1965 | ||
| 080 | _a546 | ||
| 080 | _a541 | ||
| 100 | 1 |
_aSanderson, Robert Thomas _d(1912- ). _eAutor |
|
| 245 | 1 | 0 |
_aPrawo okresowości w chemii / _cR. T. Sanderson ; tł. z ang. Kazimierz Juszczyk [et al.]. |
| 246 | 1 |
_iTyt. oryg.: _aChemical periodicity. |
|
| 260 |
_aWarszawa : _bWydawnictwa Naukowo-Techniczne, _c1965. |
||
| 300 |
_a358 s. : _bil. ; _c27 cm. |
||
| 380 | _aKsiążki. | ||
| 388 | _a1901- | ||
| 504 | _aBibliogr. przy rozdz. Indeks. | ||
| 521 | 8 | _aDla pracowników naukowych, wykładowców, magistrów i magistrów inżynierów chemii oraz słuchaczy wyższych semestrów wydziałów chemicznych politechnik i uniwersytetów. | |
| 658 | _aChemia | ||
| 655 | 4 | _aPodręczniki akademickie | |
| 650 | 4 | _aChemia nieorganiczna | |
| 710 | 2 | _aJuszczyk, Kazimierz. | |
| 710 | 2 |
_aWydawnictwa Naukowo-Techniczne _4pbl. |
|
| 856 |
_uhttp://koha.tu.koszalin.pl/cgi-bin/koha/opac-detail.pl?biblionumber=10807 _yKatalog online BPK |
||
| 942 |
_2UKD _cKS |
||
| 999 |
_c10807 _d10807 |
||